000 00793nab a2200241 u 4500
001 17930
003 HDC
007 cr bn ---aaaaa
008 210225c20070726xx dr|noo 0 a eng d
040 _aHDC
245 0 _aMLA sponsors meat study program for UAE students
260 _a[No place] :
_b[publisher not identified],
_c2007
336 _atext
_2rdacontent
337 _acomputer
_2rdamedia
338 _aonline resource
_2rdacarrier
650 _aHalal meat
_91025
650 _aMeat and Livestock
_zAustralia
_917076
710 _aHalal Focus
856 _zRequest full-text at [email protected]
942 _2lcc
942 _cNEWS
942 _kNWSO 005998
999 _c15246
_d15246